[Event "GER-ch U16"]
[Site "Willingen"]
[Date "2021.08.26"]
[Round "6"]
[White "Lohmann, Laurin"]
[Black "Chassard, Cedric"]
[Result "1/2-1/2"]
[WhiteElo "1810"]
[BlackElo "1971"]
[PlyCount "71"]
[EventDate "2021.08.22"]
[EventType "swiss"]
[EventRounds "9"]
[EventCountry "GER"]
[SourceTitle "EXT 2022"]
[Source "ChessBase"]
[SourceDate "2021.10.06"]
[SourceVersion "1"]
[SourceVersionDate "2021.10.06"]
[SourceQuality "1"]

1. e4 e5 2. Nf3 Nc6 3. Nc3 Nf6 4. d4 exd4 5. Nxd4 Bb4 6. Nxc6 bxc6 7. Bd3 d5 8. exd5 cxd5 9. 0-0 0-0 10. h3 c6 11. Qf3 h6 12. Bf4 Bd6 13. Rfe1 Be6 14. Ne2 Re8 15. Nd4 Qc7 16. Bxh6 Ne4 17. Bc1 Nc5 18. Bd2 Nxd3 19. Qxd3 Be5 20. Bc3 Bxd4 21. Qxd4 f6 22. Bb4 Rab8 23. Bc5 a6 24. Re3 Bf7 25. Rae1 Rxe3 26. Rxe3 Re8 27. Rxe8+ Bxe8 28. Qe3 Qe5 29. Bd4 Qxe3 30. fxe3 Bg6 31. c3 Bb1 32. a3 Kf7 33. Kf2 Ke6 34. g4 Bd3 35. Kg3 g5 36. Kf3 1/2-1/2

[Event "GER-ch U16"]
[Site "Willingen"]
[Date "2021.08.25"]
[Round "4"]
[White "Alhamid, Mohamad"]
[Black "Lohmann, Laurin"]
[Result "0-1"]
[WhiteElo "1652"]
[BlackElo "1810"]
[PlyCount "112"]
[EventDate "2021.08.22"]
[EventType "swiss"]
[EventRounds "9"]
[EventCountry "GER"]
[SourceTitle "EXT 2022"]
[Source "ChessBase"]
[SourceDate "2021.10.06"]
[SourceVersion "1"]
[SourceVersionDate "2021.10.06"]
[SourceQuality "1"]

1. e4 e5 2. Bc4 Nf6 3. Nf3 Nxe4 4. Nc3 Nxc3 5. dxc3 f6 6. Nh4 g6 7. 0-0 Qe7 8. Kh1 d6 9. f4 Be6 10. Bxe6 Qxe6 11. fxe5 fxe5 12. Qe2 Nc6 13. Nf3 Be7 14. Be3 0-0-0 15. b4 Rhf8 16. Rfe1 Qg4 17. Bd2 Bh4 18. h3 Qg3 19. Rf1 Bf6 20. Be1 Qf4 21. b5 Na5 22. Nd4 Qh6 23. Ne6 b6 24. Qg4 Kb8 25. Nxd8 Bxd8 26. Bg3 Nb7 27. Rf3 Nc5 28. Raf1 Re8 29. Bf2 Ne6 30. Be3 g5 31. Rf7 Qg6 32. Qf5 Qh5 33. Rxh7 Qe2 34. Qf2 Qxb5 35. Rf7 Qd5 36. Qf5 Qxa2 37. Rd7 Qa4 38. Qf7 Kc8 39. Qxe8 Qxd7 40. Qg6 Nf4 41. Qe4 Kb8 42. Bxf4 exf4 43. Re1 a5 44. c4 Bf6 45. Qg6 Bd8 46. Re8 Kb7 47. Qe4+ Kb8 48. Rh8 Ka7 49. Kg1 Qe7 50. Qd3 Qe1+ 51. Kh2 Bf6 52. Rf8 Be5 53. Qf3 Qg3+ 54. Qxg3 fxg3+ 55. Kg1 a4 56. Rf3 Bb2 0-1

[Event "GER-chT Christmas U20"]
[Site "Playchess.com INT"]
[Date "2020.12.29"]
[Round "5.1"]
[White "Lohmann, Laurin"]
[Black "Arndt, Magnus"]
[Result "0-1"]
[WhiteElo "1736"]
[BlackElo "2282"]
[PlyCount "176"]
[EventDate "2020.12.29"]
[EventType "team-swiss (blitz)"]
[EventRounds "7"]
[EventCountry "GER"]
[SourceTitle "CBM 200 Extra"]
[Source "ChessBase"]
[SourceDate "2021.03.31"]
[SourceVersion "1"]
[SourceVersionDate "2021.03.31"]
[SourceQuality "1"]
[WhiteTeam "Leipheim"]
[BlackTeam "Kiel Doppelbauer"]
[WhiteTeamCountry "GER"]
[BlackTeamCountry "GER"]

1. e4 c5 2. c3 d5 3. exd5 Nf6 4. d4 cxd4 5. cxd4 Nxd5 6. Nc3 Nc6 7. Nf3 Bg4 8. Be2 e6 9. 0-0 Be7 10. Qb3 0-0 11. Qxb7 Ndb4 12. Ne5 Na5 13. Qe4 Bf5 14. Qf3 Nc2 15. g4 Nxa1 16. gxf5 Nc2 17. fxe6 fxe6 18. Qg4 Nxd4 19. Bd3 Bf6 20. Qh5 Nf5 21. Bxf5 exf5 22. Qxf5 Qc8 23. Nd7 Rf7 24. Nxf6+ Rxf6 25. Qxc8+ Rxc8 26. Be3 Nc4 27. Bxa7 Nxb2 28. Rb1 Rg6+ 29. Kf1 Nc4 30. Rd1 Ra6 31. Bd4 Rd8 32. Ke2 Rad6 33. Nb5 Ra6 34. Kf3 Rxa2 35. Ke4 Rd2 36. Ra1 Nd6+ 37. Nxd6 Rxd6 38. Ra4 Rd7 39. Rb4 Re2+ 40. Kf3 Ra2 41. Rc4 Ra8 42. Ke4 Re8+ 43. Kf3 h6 44. Be3 Rf7+ 45. Ke2 Kh7 46. Rb4 g5 47. Rc4 Kg6 48. Rc6+ Rf6 49. Rc3 Ree6 50. Rc8 Rf7 51. Rc3 Rb7 52. Rc4 Rb2+ 53. Kf3 h5 54. Kg3 Rb3 55. Kg2 Rb5 56. Kg3 Rf5 57. Kg2 Rfe5 58. Rc8 Kf5 59. Rc4 Rd5 60. Rc8 Ke4 61. Rc4+ Kd3 62. Ra4 Rf5 63. Ra3+ Kc2 64. Ra2+ Kb3 65. Ra7 g4 66. Rb7+ Kc4 67. Rc7+ Kd3 68. Rd7+ Ke4 69. Rd4+ Ke5 70. Ra4 Kf6 71. Ra8 Kg6 72. Rg8+ Kh7 73. Rc8 Rf3 74. Rc7+ Kg6 75. Rc5 Rf5 76. Rc8 Re4 77. Rg8+ Kf7 78. Rc8 Rf3 79. Rc7+ Ke6 80. Rc6+ Kd7 81. Rh6 Re5 82. Rh7+ Ke6 83. Rh6+ Kd5 84. Ra6 h4 85. Ra5+ Ke6 86. Ra6+ Kf5 87. Ra4 h3+ 88. Kf1 Rexe3 0-1

[Event "GER-chT Christmas U20"]
[Site "Playchess.com INT"]
[Date "2020.12.29"]
[Round "2.1"]
[White "Rietschel, Tilo"]
[Black "Lohmann, Laurin"]
[Result "1/2-1/2"]
[WhiteElo "2066"]
[BlackElo "1736"]
[PlyCount "73"]
[EventDate "2020.12.29"]
[EventType "team-swiss (blitz)"]
[EventRounds "7"]
[EventCountry "GER"]
[SourceTitle "CBM 200 Extra"]
[Source "ChessBase"]
[SourceDate "2021.03.31"]
[SourceVersion "1"]
[SourceVersionDate "2021.03.31"]
[SourceQuality "1"]
[WhiteTeam "Luebeck"]
[BlackTeam "Leipheim"]
[WhiteTeamCountry "GER"]
[BlackTeamCountry "GER"]

1. e4 e5 2. Nf3 Nf6 3. Nxe5 d6 4. Nd3 Nxe4 5. Nc3 Nxc3 6. dxc3 Be7 7. Be2 0-0 8. Be3 Nc6 9. 0-0 Be6 10. Nf4 Qd7 11. c4 Ne5 12. Nd5 c6 13. Nxe7+ Qxe7 14. b3 c5 15. Bd2 Rad8 16. f4 Nc6 17. f5 Bd7 18. f6 gxf6 19. Bd3 Ne5 20. Qh5 Nxd3 21. cxd3 Qe5 22. Qh4 Rfe8 23. Rae1 Qd4+ 24. Qxd4 cxd4 25. Rxf6 Rxe1+ 26. Bxe1 Re8 27. Bf2 Re6 28. Bxd4 Rxf6 29. Bxf6 Bf5 30. d4 Bb1 31. c5 dxc5 32. d5 Kf8 33. a3 Ke8 34. b4 cxb4 35. axb4 Kd7 36. Bd4 a6 37. Bc5 1/2-1/2